000 01203cam a2200337 i 4500
001 768714001
003 CO-MdFUSB
005 20220426165730.0
007 ta
008 800424t1970 enk b 00000 eng
020 _a0664208878
040 _aCO-MdFUSB
_bspa
_cCO-MdFUSB
_dCO-MdFUSBC
_erda
041 _aeng
082 _a223.7077
_bM478
_223
100 _aMckane, William.
_eautor
245 1 0 _aProverbs :
_ba new approach
_c/ William McKane
264 1 _aLondon :
_bSCM Press,
_c[1970]
264 4 _c© 1970
300 _a670 páginas. ;
_c23 cm.
336 _2rdacontent
_atexto
_btxt
337 _2rdamedia
_asin mediación
_bn
338 _2rdacarrier
_avolumen
_bnc
490 _aThe Old Testament Library
505 _aSabiduría internacional -- La instrucción egipcia -- La instrucción babilónico-asiria -- Proverbios babilónicos y asirios -- El libro de Proverbios -- Traducción -- El género de instrucción en el libro de Proverbios -- La literatura de oraciones en el libro de Proverbios -- Poemas y dichos numéricos.
563 _aPasta dura
630 0 7 _aBiblia.
_pProverbios
942 _cBK
945 _aJTF-925
999 _c67810
_d67810